Máme svoj vlastný laserový skalpel

Bibliographic Details
Main Authors: Novák, Antonín (Author), Bezdíčková, Erika, 1931- (Author)
Format: Article
Language:Slovak
Subjects:

MARC

LEADER 00000nab a2200000 a 4500
001 vtls000084992
003 SK-MaSNL
005 20260303032043.0
008 220422c1981 xo 0 slo
015 |a SNBRB19rr/mm-uuuuu 
035 |a CL0095094 
040 |a SNKBUCL  |b slo  |c SNKBUCL  |e AACR2 
041 0 |a slo 
044 |a xo  |c SK 
080 |a 615.4  |2 1981 
100 1 |a Novák, Antonín  |4 aut  |9 378798 
245 1 0 |a Máme svoj vlastný laserový skalpel  |c Antonín Novák, Erika Bezdíčková 
300 |b Obr. 2. 
650 0 7 |a skalpely laserové  |2 snkbucl  |9 1014610 
655 7 |a články z novín a časopisov  |2 snkbucl  |9 267496 
700 1 |a Bezdíčková, Erika,  |d 1931-  |4 aut  |9 5089 
773 0 |t Technické noviny  |g Roč. 29, č. 18 (1981), s. 5 
850 |a Slovenská národná knižnica v Martine  |a MTA001 
852 |a SNK  |b KIS3GCP 
958 |a RK 
958 |a ME 
992 |a RBX 
999 |c 1662002  |d 1663932